00708 2200205 4500001002100000005001700021008004100038035002400079040001200103082001000115090002000125100001900145245012700164260007500291300004100366500002400407504002600431650002700457990001800484YOGYA-0113000000150220130125082535.0 ind  0010-011300000001502 aYOPDYOG a640.4 aSK 640.4 Jhon P aJHON EDUWARD N apembagian peran antara laki-laki dan perempuan di dalam keluarga dalam mewujudkan keharmonisan/disusun oleh Jhon Eduward N aYogyakarta :bsekolah tingga pembangunan masyarakat desa "APMD",c2002 axi,54,(17)lbr.:bilus.,lamp.;c30 cm askripsi STPMD"APMD" abibliografi :(lbr.55) amanajemen rumah tangga a43083-PD/A-12